[Event "Schoeneck op"]
[Site "Schoeneck"]
[Date "1988.??.??"]
[Round "4"]
[White "Schmitzer, Klaus"]
[Black "Mohr, Stefan"]
[Result "0-1"]
[WhiteElo "2345"]
[BlackElo "2470"]

1.d4 Nf6 2.c4 g6 3.Nc3 d5 4.cxd5 Nxd5 5.e4 Nxc3 6.bxc3 Bg7 7.Bc4 O-O 8.Ne2 Nc6
9.Be3 b6 10.O-O Bb7 11.Qd2 Na5 12.Bd3 c5 13.Rad1 cxd4 14.cxd4 e6 15.Bh6 Rc8
16.Bxg7 Kxg7 17.Qf4 Qf6 18.Qg3 Nc6 19.e5 Qe7 20.Nf4 Kh8 21.Be4 Rfd8 22.d5 exd5
23.Bxd5 Nxe5 24.Bxb7 Qxb7 25.Qg5 Re8 26.Nd5 Rc5 27.Qf6+ Kg8 28.Qd6 Re6 29.Qd8+ Kg7
30.f4 Nc6 31.Qh4 f5 32.Rd3 Ne7 33.Nc3 Qc6 34.Rh3 h5 35.Qg3 Ng8 36.Rd1 Nf6
37.Qd3 Rc4 38.Rf3 Qc5+ 39.Kh1 Ne4 40.Na4 Qc6 41.Nb2 Rc1 42.Qd4+ Kh7 43.Ra3 a5
44.Rd3 Rd6 45.Qg1 Rxd1 46.Rxd1 Rxd1 47.Nxd1 Qc2  0-1

[Event "Schoeneck op"]
[Site "Schoeneck"]
[Date "1988.??.??"]
[Round "11"]
[White "Schmitzer, Klaus"]
[Black "Vegh, Endre"]
[Result "1/2-1/2"]
[WhiteElo "2345"]
[BlackElo "2365"]

1.d4 Nf6 2.c4 g6 3.Nc3 d5 4.cxd5 Nxd5 5.e4 Nxc3 6.bxc3 Bg7 7.Bc4 c5 8.Ne2 Nc6
9.Be3 O-O 10.O-O Bg4 11.f3 Na5 12.Bb5 Bd7 13.Rb1 a6 14.Bxd7 Qxd7 15.dxc5 Rfd8
16.Qxd7 Rxd7 17.Rfd1 Rad8 18.Rxd7 Rxd7 19.Nd4 Rc7 20.c6 Nxc6 21.Nxc6 Rxc6
22.Rxb7 h5 23.Rxe7 Rxc3 24.Re8+ Kh7 25.Bb6 Ra3 26.Re7 Kg8 27.Re8+ Kh7 28.Re7 Kg8
29.Re8+  1/2-1/2

[Event "SCO-ch"]
[Site "?"]
[Date "1988.??.??"]
[Round "?"]
[White "Muir, Andrew J"]
[Black "Ady, Jonathan James"]
[Result "0-1"]
[WhiteElo "2290"]
[BlackElo "2300"]

1.d4 Nf6 2.c4 g6 3.Nc3 d5 4.cxd5 Nxd5 5.e4 Nxc3 6.bxc3 Bg7 7.Bc4 b6 8.Qf3 O-O
9.e5 Ba6 10.Bd5 c6 11.Bb3 Qd7 12.h4 c5 13.Bd5 cxd4 14.Bxa8 dxc3 15.Qd5 Qc8
16.f4 Rd8 17.Qf3 c2 18.Bd2 Rd3 19.Qe4 Qg4 20.Ne2 Nd7 21.Bb4 f5 22.exf6 Bxf6
23.O-O Bxa1 24.Bd5+ Kh8 25.Be6 Qxh4 26.Qa8+ Kg7 27.Qg8+ Kh6 28.Be1 Qh5 29.g4 c1=Q
30.gxh5 Qe3+ 31.Bf2 Qxe2 32.hxg6 Rg3+ 33.Bxg3 Bd4+ 34.Rf2 Bxf2+ 35.Bxf2 Qf1+
36.Kh2 Qxf2+ 37.Kh1 Bb7+ 38.Bd5 Bxd5+ 39.Qxd5 Qf1+ 40.Kh2 Qxf4+ 41.Kg2 Qg4+  0-1

[Event "URS-FL56"]
[Site "Simferopol"]
[Date "1988.??.??"]
[Round "?"]
[White "Lputian, Smbat G"]
[Black "Tukmakov, Vladimir B"]
[Result "1/2-1/2"]
[WhiteElo "2540"]
[BlackElo "2590"]

1.d4 Nf6 2.c4 g6 3.Nc3 d5 4.cxd5 Nxd5 5.e4 Nxc3 6.bxc3 Bg7 7.Be3 O-O 8.Rc1 c5
9.d5 e6 10.Nf3 exd5 11.exd5 Qa5 12.Qd2 Bf5 13.Be2 Na6 14.O-O Rad8 15.Bxa6 Qxa6
16.Bxc5 Rfe8 17.c4 Rc8 18.Bd4 Rxc4 19.Bxg7 Kxg7 20.Qb2+ Kg8 21.Rxc4 Qxc4
22.Qxb7 Qxa2 23.Ne5 Rf8 24.Nc6 Kg7 25.Nd4 Rd8 26.Nxf5+ gxf5 27.Rd1 Qc2 28.Ra1 Qd2
29.Qxa7 Rxd5 30.h3 Qd4 31.Qa3 f4 32.Rc1 Rg5 33.Rc8 Qe4 34.Qa1+ Kh6 35.f3 Rxg2+
36.Kxg2 Qe2+ 37.Kg1 Qe3+ 38.Kg2 Qe2+  1/2-1/2

[Event "URS-FL56"]
[Site "Simferopol"]
[Date "1988.??.??"]
[Round "?"]
[White "Savchenko, Stanislav"]
[Black "Lputian, Smbat G"]
[Result "1/2-1/2"]
[WhiteElo "2480"]
[BlackElo "2540"]

1.d4 Nf6 2.c4 g6 3.Nc3 d5 4.cxd5 Nxd5 5.e4 Nxc3 6.bxc3 Bg7 7.Bc4 c5 8.Ne2 O-O
9.O-O Nc6 10.Be3 Bg4 11.f3 Na5 12.Bd3 cxd4 13.cxd4 Be6 14.Rc1 Bxa2 15.Qa4 Be6
16.d5 Bd7 17.Qb4 b6 18.Ba6 Bc8 19.Bb5 a6 20.Bd3 b5 21.f4 e5 22.Bc5 Re8 23.Bd6 Qb6+
24.Bc5 Qd8 25.Bd6 Qb6+ 26.Bc5 Qd8 27.Bd6 Nc4 28.Bxc4 bxc4 29.fxe5 a5 30.Qd2 Rxe5
31.Bxe5 Bxe5 32.Qh6 Ra7 33.Rxc4 Ba6 34.Rc2 Rc7 35.Rxc7 Qxc7 36.Rc1 Qb8 37.Qd2 Bxh2+
38.Kh1 a4 39.Qc2 Be5 40.Ng1 Qf8 41.Qd2 a3 42.Nf3 Bb2 43.Rc6 Bb5 44.Rb6 Qa8
45.Rxb5 a2 46.Ra5 a1=Q+ 47.Rxa1 Qxa1+ 48.Qe1 Qxe1+  1/2-1/2

[Event "Sochi"]
[Site "Sochi"]
[Date "1988.??.??"]
[Round "?"]
[White "Vaisser, Anatoli"]
[Black "Olafsson, Helgi"]
[Result "0-1"]
[WhiteElo "2530"]
[BlackElo "2525"]

1.d4 Nf6 2.c4 g6 3.Nc3 d5 4.cxd5 Nxd5 5.e4 Nxc3 6.bxc3 Bg7 7.Bc4 O-O 8.Ne2 c5
9.O-O Nc6 10.Be3 Bg4 11.f3 Na5 12.Bd3 cxd4 13.cxd4 Be6 14.Rc1 Bxa2 15.Qa4 Be6
16.d5 Bd7 17.Qb4 e6 18.dxe6 Bxe6 19.Rfd1 b6 20.Ba6 Qf6 21.Bd4 Qh4 22.Bxg7 Kxg7
23.Nd4 Qf6 24.Qc3 Kg8 25.Qe3 Rfd8 26.Rc3 Nb3 27.e5 Qe7 28.Rxb3 Bxb3 29.Qxb3 Qxe5
30.Ne2 Rxd1+ 31.Qxd1 b5 32.Bb7 Re8 33.Be4 a5 34.Qd7 a4 35.Nc3 Qc5+ 36.Kf1 Re7
37.Qd8+ Kg7 38.Nd5 Qc1+ 39.Kf2 Qd2+ 40.Kg3 Re6 41.Qa8 Qb2 42.Kh3 a3 43.Nf4 Re5
44.Bd5 Qc1 45.g3 Qf1+ 46.Kh4 g5+ 47.Kg4 gxf4 48.Bxf7 Qd3 49.gxf4 Qf5+ 50.Kg3 Re7
51.Bd5 b4 52.Bc4 Qf6 53.Qa5 Rb7 54.f5 Re7 55.Kg4 Kh6 56.Qxb4 Qg5+ 57.Kh3 Rg7
58.Qb6+ Kh5  0-1

[Event "Tatran Cup"]
[Site "Stary Smokovec"]
[Date "1988.??.??"]
[Round "2"]
[White "Sapi, Laszlo"]
[Black "Stohl, Igor"]
[Result "0-1"]
[WhiteElo "2350"]
[BlackElo "2450"]

1.d4 Nf6 2.c4 g6 3.Nc3 d5 4.cxd5 Nxd5 5.e4 Nxc3 6.bxc3 Bg7 7.Bc4 O-O 8.Ne2 Nc6
9.Be3 e5 10.d5 Na5 11.Bd3 c6 12.Bc5 Re8 13.c4 b5 14.cxb5 cxd5 15.O-O f5 16.f3 fxe4
17.fxe4 Bg4 18.Qe1 Nb7 19.Bf2 d4 20.Bc4+ Be6 21.Qb4 Qd6 22.Bxe6+ Qxe6 23.Rfc1 Bf8
24.Qb1 Rec8 25.Qd3 Nc5 26.Qf3 Bh6 27.Rf1 Rf8 28.Qg3 Rxf2 29.Rxf2 Be3 30.Rf1 Nd3
31.h4 Nxf2 32.Rxf2 Rf8  0-1

[Event "Tatran Cup"]
[Site "Stary Smokovec"]
[Date "1988.??.??"]
[Round "9"]
[White "Vokac, Marek"]
[Black "Pribyl, Josef"]
[Result "1/2-1/2"]
[WhiteElo "2450"]
[BlackElo "2435"]

1.d4 Nf6 2.c4 g6 3.Nc3 d5 4.cxd5 Nxd5 5.e4 Nxc3 6.bxc3 Bg7 7.Qa4+ Qd7 8.Qxd7+ Nxd7
9.Nf3 c5 10.Be3 O-O 11.Rb1 Rd8 12.Be2 Nf6 13.Nd2 cxd4 14.cxd4 Ng4 15.Bxg4 Bxg4
16.f3 Bc8 17.Nb3 b6 18.Kd2 f5 19.Rhc1 fxe4 20.fxe4 Rd7 21.Bg5 h6 22.Bh4 Ba6
23.Ke3 Rad8 24.d5 g5 25.Bg3 e6 26.dxe6 Rd3+ 27.Kf2 Rf8+ 28.Kg1 Re8 29.Rc7 Rxe6
30.Rxa7 Bc4 31.e5 h5 32.Rc7 Bd5 33.Re1 h4 34.Bf2 Bxe5 35.Rd7 Kf8 36.Nc1 Rd2
37.Nb3 Ke8 38.Nxd2 Kxd7 39.Nf3 Bf6 40.Rxe6 Kxe6 41.Bxb6 Bxa2  1/2-1/2

[Event "Rilton Cup"]
[Site "Stockholm"]
[Date "1988.??.??"]
[Round "?"]
[White "Carlhammar, Magnus"]
[Black "Bjerring, Kai"]
[Result "1-0"]
[WhiteElo "2245"]
[BlackElo "2345"]

1.d4 Nf6 2.c4 g6 3.Nc3 d5 4.cxd5 Nxd5 5.e4 Nxc3 6.bxc3 Bg7 7.Nf3 O-O 8.Be3 c5
9.Rc1 Qa5 10.Qd2 cxd4 11.cxd4 Qxd2+ 12.Nxd2 b6 13.Bb5 Na6 14.Ke2 Bb7 15.Rc4 Rfc8
16.Rhc1 e6 17.Rxc8+ Rxc8 18.Rxc8+ Bxc8 19.Nc4 Nb8 20.Nd6 Bd7 21.Bxd7 Nxd7
22.Nb5 a6 23.Nc7 Nb8 24.d5 exd5 25.exd5 Be5 26.Bxb6 Nd7 27.Ba5 Bxc7 28.Bxc7 Nf6
29.Kd3 Nxd5 30.Bd6 f5 31.Kd4 Nf6 32.Be5 Nd7 33.Kd5 Kf7 34.Bd4 g5 35.a4 g4
36.a5 h5 37.Bc3 Ke7 38.g3 Kf7 39.Kc6 Ke6 40.Bd4 Nf8 41.Be3 Ng6 42.Kb6 Kd5
43.Kxa6 Kc6 44.Ka7 Ne5 45.Kb8 Kb5 46.Bb6 Ka6 47.Kc7 Nf3 48.Kd6 Nxh2 49.Ke5 Kb7
50.Kxf5 Ka8 51.Kg5 Kb7 52.Kxh5 Ka6 53.Kh4 Kb5 54.f4 gxf3 55.Kh3 Nf1 56.g4 Nd2
57.Kg3 Kc6 58.Bf2 Nc4 59.a6 Nd6 60.Kxf3 Nf7 61.Ke4  1-0

[Event "Rilton Cup"]
[Site "Stockholm"]
[Date "1988.??.??"]
[Round "?"]
[White "Evertsson, Lennart"]
[Black "Winge, Stefan"]
[Result "0-1"]
[WhiteElo "2200"]
[BlackElo "2240"]

1.d4 Nf6 2.c4 g6 3.Nc3 d5 4.cxd5 Nxd5 5.e4 Nxc3 6.bxc3 Bg7 7.Bc4 c5 8.Ne2 O-O
9.O-O Nc6 10.Be3 Bg4 11.f3 Na5 12.Bb3 cxd4 13.cxd4 Bd7 14.Qd2 Bb5 15.Rfd1 Rc8
16.Nc3 Bc4 17.Rab1 b5 18.e5 Qd7 19.Ne4 Nb7 20.Bxc4 Rxc4 21.Qb2 a6 22.d5 Rfc8
23.Bg5 h6 24.Bh4 Nc5 25.d6 g5 26.dxe7 Qxe7 27.Nf6+ Bxf6 28.exf6 Qf8 29.Be1 Na4
30.Qe2 Qc5+ 31.Bf2 Nc3 32.Qe7 Qxe7 33.fxe7 Nxd1 34.Rxd1 Re8 35.h4 Rxe7 36.Rd8+ Kg7
37.Bd4+ f6 38.Rd6 Rf7 39.h5 Ra4 40.Kf2 Rxa2+ 41.Kg3 a5 42.Rb6 b4 43.Kh3 Rd2
44.Be3 Rd3 45.Bc5 Rc7 46.Bd6  0-1

[Event "Rilton Cup"]
[Site "Stockholm"]
[Date "1988.??.??"]
[Round "?"]
[White "Bator, Robert"]
[Black "Carlhammar, Magnus"]
[Result "1/2-1/2"]
[WhiteElo "2370"]
[BlackElo "2245"]

1.d4 Nf6 2.c4 g6 3.Nc3 d5 4.cxd5 Nxd5 5.e4 Nxc3 6.bxc3 Bg7 7.Bc4 O-O 8.Ne2 c5
9.O-O Nc6 10.Be3 Bg4 11.f3 Na5 12.Bd3 cxd4 13.cxd4 Be6 14.Rc1 Bxa2 15.Qa4 Be6
16.d5 Bd7 17.Qa3 e6 18.dxe6 Bxe6 19.Rfd1 Nc6 20.Bb5 Qa5 21.Qc5 Rfc8 22.Bd2 Qd8
23.Be3 Qf8 24.Qg5 a6 25.Bxc6 Rxc6 26.Rb1 Bc4 27.Nf4 Bf6 28.Qg3 Qa3 29.Qf2 Ba2
30.Rxb7 Rc3 31.Nh5 Bg7 32.Nxg7 Rxe3 33.Nf5 gxf5 34.Rb8+ Rxb8 35.Qg3+ Kf8
36.Qxb8+ Kg7 37.Qg3+ Kf6 38.Qh4+ Ke5 39.Qg5 Rd3 40.Qxf5+ Kd4 41.Qf6+ Ke3
42.Qb6+ Ke2 43.Rf1 Kd2 44.Qc6 Re3 45.Qb6 Bc4 46.Qd4+ Bd3 47.h4 a5 48.Kh2 Qb4
49.Qd5 a4 50.Qa2+ Bc2 51.Rf2+ Re2 52.Rxe2+ Kxe2 53.Qxc2+ Ke3 54.Qc1+ Kd3
55.Qd1+ Kc4 56.Qc2+ Kb5 57.Qd3+ Qc4 58.Qd6 Qc5 59.Qd3+ Qc4 60.Qd6 Qb3 61.Qd7+ Kb4
62.Qd6+ Kb5 63.Qd7+ Kc5 64.e5 a3 65.Qd6+ Kb5 66.Qd7+ Kc5 67.Qd6+ Kb5 68.Qd7+ Kb4
69.Qd4+ Qc4 70.Qb6+ Ka4 71.Qa7+ Kb3 72.Qb6+ Ka4 73.Qa7+ Kb3 74.Qe3+ Qc3 75.Qb6+ Kc2
76.Qf2+ Kd3 77.f4 Qb2 78.Qf3+ Kd4 79.Qd1+ Ke4 80.Qf3+ Kd4 81.Qd1+ Kc4 82.Qa4+ Kd3
83.e6 fxe6 84.Qa6+ Ke3 85.Qxe6+ Kf2 86.Qh3 a2 87.Qf3+ Ke1 88.Qe3+ Kf1 89.Qf3+ Ke1
90.Qe3+ Kd1 91.Qd3+ Qd2 92.Qf1+ Kc2 93.Qc4+ Kb2 94.Qb5+ Kc3 95.Qe5+ Kd3 96.f5 Qf2
97.Qd5+ Kc3 98.Qa5+ Kc4  1/2-1/2

[Event "URS Cup rapid"]
[Site "Tallinn"]
[Date "1988.??.??"]
[Round "2"]
[White "Vaisser, Anatoli"]
[Black "Dorfman, Josif D"]
[Result "1/2-1/2"]
[WhiteElo "2490"]
[BlackElo "2520"]

1.d4 Nf6 2.c4 g6 3.Nc3 d5 4.cxd5 Nxd5 5.e4 Nxc3 6.bxc3 Bg7 7.Bc4 c5 8.Ne2 O-O
9.O-O Nc6 10.Be3 Bg4 11.f3 Na5 12.Bd3 cxd4 13.cxd4 Be6 14.d5 Bxa1 15.Qxa1 f6
16.Bh6 Re8 17.Rb1 Bf7 18.Bb5 Rf8 19.Bxf8 Kxf8 20.Qd4 b6 21.Ba6 Qd6 22.Qc3 Kg7
23.Rc1 e6 24.Qc7 Qxc7 25.Rxc7 exd5 26.exd5 Kf8 27.Nf4 g5 28.Ne6+ Bxe6 29.dxe6 Re8
30.Rf7+ Kg8 31.Rxf6 Re7 32.Bc8 Kg7 33.Rf5 Kg6 34.g4 Nc6  1/2-1/2

[Event "URS Cup rapid"]
[Site "Tallinn"]
[Date "1988.??.??"]
[Round "6"]
[White "Vaisser, Anatoli"]
[Black "Epishin, Vladimir"]
[Result "0-1"]
[WhiteElo "2490"]
[BlackElo "2475"]

1.d4 Nf6 2.c4 g6 3.Nc3 d5 4.cxd5 Nxd5 5.e4 Nxc3 6.bxc3 Bg7 7.Bc4 O-O 8.Ne2 Qd7
9.O-O b6 10.Qd3 Bb7 11.e5 Nc6 12.Nf4 e6 13.Ba3 Rfe8 14.Bb5 Rad8 15.Qg3 a6
16.Bd3 Ne7 17.h4 c5 18.h5 cxd4 19.cxd4 Qxd4 20.Bxe7 Rxe7 21.hxg6 hxg6 22.Qg5 Red7
23.Rae1 Qb4 24.Nxe6 fxe6 25.Bxg6 Qe7 26.Qh5 Rd4 27.f4 Rd2  0-1

[Event "URS Cup rapid"]
[Site "Tallinn"]
[Date "1988.??.??"]
[Round "10"]
[White "Vaisser, Anatoli"]
[Black "Gavrikov, Viktor"]
[Result "0-1"]
[WhiteElo "2490"]
[BlackElo "2545"]

1.d4 Nf6 2.c4 g6 3.Nc3 d5 4.cxd5 Nxd5 5.e4 Nxc3 6.bxc3 Bg7 7.Bc4 c5 8.Ne2 Nc6
9.Be3 O-O 10.O-O Bg4 11.f3 Na5 12.Bd3 cxd4 13.cxd4 Be6 14.Rc1 Bxa2 15.Qa4 Be6
16.d5 Bd7 17.Qb4 b6 18.f4 e5 19.f5 Re8 20.Ba6 Bf8 21.Qc3 b5 22.Rb1 Nc4 23.Bxb5 Bxb5
24.Rxb5 Rc8 25.fxg6 fxg6 26.Rxf8+ Rxf8 27.Bh6 Qd7 28.Rb4 Nd6 29.Qxe5 Rfe8
30.Qf4 a5 31.Rd4 Nf7 32.h3 Rc2 33.Ng3 Nxh6 34.Qxh6 Qa7 35.Qe3 Rc4 36.Nf5 Rxd4
37.Nxd4 Qc5 38.e5 Qxd5 39.e6 a4 40.Qf4 Rf8 41.e7 Re8 42.Nf3 a3 43.Qa4 Qc5+
44.Kh1 Rxe7 45.h4 h6 46.Nd4 Qc1+ 47.Kh2 Qf4+ 48.g3 Re2+ 49.Kh3 Qf1+  0-1

[Event "Thessaloniki ol (Women)"]
[Site "Thessaloniki"]
[Date "1988.??.??"]
[Round "?"]
[White "Mira, Helene"]
[Black "Savereide, Diane"]
[Result "0-1"]
[WhiteElo "2175"]
[BlackElo "2250"]

1.d4 Nf6 2.c4 g6 3.Nc3 d5 4.cxd5 Nxd5 5.e4 Nxc3 6.bxc3 Bg7 7.Bc4 c5 8.Ne2 O-O
9.O-O Nc6 10.Be3 Qc7 11.Rc1 Rd8 12.Qd2 Qa5 13.Rfd1 Bd7 14.Qb2 Be8 15.f4 cxd4
16.cxd4 Rac8 17.Qxb7 Rb8 18.Qa6 Qxa6 19.Bxa6 Rb2 20.a3 Rb3 21.Rd3 Rxd3 22.Bxd3 Nxd4
23.Bxd4 Bxd4+ 24.Nxd4 Rxd4 25.Rc3 Bc6 26.Rxc6 Rxd3 27.Ra6 Rd4 28.Rxa7 Rxe4
29.g3 Re2 30.a4 Kg7 31.Kf1 Rxh2 32.Rxe7 Ra2 33.Ra7 h5 34.a5 Kf6 35.Ke1 Rg2
36.a6 Rxg3 37.Kd2 Ra3 38.Kc2 h4 39.Kb2 h3 40.Kxa3 h2  0-1

[Event "Thessaloniki ol (Men)"]
[Site "Thessaloniki"]
[Date "1988.??.??"]
[Round "2"]
[White "Izquierdo, Daniel"]
[Black "Kouatly, Bachar"]
[Result "1/2-1/2"]
[WhiteElo "2270"]
[BlackElo "2440"]

1.d4 Nf6 2.c4 g6 3.Nc3 d5 4.cxd5 Nxd5 5.e4 Nxc3 6.bxc3 Bg7 7.Bc4 c5 8.Be3 O-O
9.Ne2 Nc6 10.O-O Bg4 11.f3 Bd7 12.Qd2 Rc8 13.dxc5 Na5 14.Bd3 Be6 15.Rfd1 Nc4
16.Bxc4 Bxc4 17.Qxd8 Rfxd8 18.Kf2 e6 19.Rxd8+ Rxd8 20.Rb1 Ba6 21.Nd4 Rc8
22.Nb5 Bxb5 23.Rxb5 Rc7 24.Bf4 e5 25.Be3 a6 26.Rb6 Bf8 27.c6 Rxc6 28.Rxc6 bxc6
29.Ke2 f6 30.Kd3 Kf7 31.Kc4 Bd6 32.Kb3 Ke6 33.Bb6 Kd7 34.Ka4 Kc8 35.g4 Be7
36.Ba5 Kb7 37.Bb4 c5  1/2-1/2

[Event "Thessaloniki ol (Men)"]
[Site "Thessaloniki"]
[Date "1988.??.??"]
[Round "5"]
[White "Danner, Georg"]
[Black "Olsen, Heini"]
[Result "1-0"]
[WhiteElo "2400"]
[BlackElo "2200"]

1.d4 Nf6 2.c4 g6 3.Nc3 d5 4.cxd5 Nxd5 5.e4 Nxc3 6.bxc3 Bg7 7.Bc4 c5 8.Ne2 Nc6
9.Be3 O-O 10.O-O cxd4 11.cxd4 Na5 12.Bd3 b6 13.Rc1 e6 14.Qd2 Bb7 15.Bh6 Qd7
16.Bxg7 Kxg7 17.Qf4 Rac8 18.h4 Rxc1 19.Rxc1 Rc8 20.Rxc8 Qxc8 21.h5 Qd8 22.e5 Bd5
23.Nc3 Nc6 24.Nxd5 exd5 25.Bb5 Na5 26.h6+ Kg8 27.g3 Qc7 28.Qf6 Qc1+ 29.Kg2 Qxh6
30.e6 fxe6 31.Bd7 Qg7 32.Bxe6+  1-0

[Event "Thessaloniki ol (Men)"]
[Site "Thessaloniki"]
[Date "1988.??.??"]
[Round "8"]
[White "Tisdall, Jonathan D"]
[Black "Gulko, Boris F"]
[Result "1/2-1/2"]
[WhiteElo "2460"]
[BlackElo "2590"]

1.d4 Nf6 2.c4 g6 3.Nc3 d5 4.cxd5 Nxd5 5.e4 Nxc3 6.bxc3 Bg7 7.Bc4 O-O 8.Ne2 Nc6
9.Bg5 Qd7 10.Qd2 e5 11.d5 Na5 12.Bd3 c6 13.c4 b6 14.Rc1 Ba6 15.c5 Bxd3 16.Qxd3 cxd5
17.exd5 bxc5 18.Rxc5 Nb7 19.Rc1 h6 20.Be3 Rfd8 21.Nc3 Nd6 22.O-O Rac8 23.Qa6 Rc4
24.Qxa7 Qxa7 25.Bxa7 Ra8 26.Be3 e4  1/2-1/2

[Event "Thessaloniki ol (Men)"]
[Site "Thessaloniki"]
[Date "1988.??.??"]
[Round "9"]
[White "Foisor, Ovidiu"]
[Black "Sokolov, Ivan"]
[Result "1/2-1/2"]
[WhiteElo "2475"]
[BlackElo "2570"]

1.d4 Nf6 2.c4 g6 3.Nc3 d5 4.cxd5 Nxd5 5.e4 Nxc3 6.bxc3 Bg7 7.Bc4 O-O 8.Ne2 b6
9.O-O Bb7 10.Qd3 Nc6 11.Rb1 Na5 12.Bb3 c5 13.d5 e6 14.c4 exd5 15.cxd5 f5
16.Nf4 fxe4 17.Qxe4 Nxb3 18.Rxb3 Qd7 19.Rd1 Rae8 20.Qc2 Rf5 21.Re3 Rxe3 22.fxe3 Qd6
23.g3 Rf7 24.e4 Bc8 25.Bb2 Bg4 26.Rd2 Be5 27.Nd3 Bxb2 28.Qxb2 c4 29.Nf2 Bf3
30.Qd4 Qa3 31.Rc2 b5 32.d6 Qb4 33.Rc1 Qa3 34.Rc3 Qb2 35.Qe3 Qa1+ 36.Qc1 Qxc1+
37.Rxc1 Rd7 38.Rc3 Be2 39.Re3 Bd3 40.Nxd3 cxd3 41.Rxd3 Kf7 42.e5 Ke6 43.Re3 Rf7
44.Kg2 a5 45.h4 b4 46.Rd3 Rd7 47.a3  1/2-1/2

[Event "Thessaloniki ol (Men)"]
[Site "Thessaloniki"]
[Date "1988.??.??"]
[Round "9"]
[White "Bellon Lopez, Juan Manuel"]
[Black "Manor, Ilan"]
[Result "0-1"]
[WhiteElo "2450"]
[BlackElo "2430"]

1.d4 Nf6 2.c4 g6 3.Nc3 d5 4.cxd5 Nxd5 5.e4 Nxc3 6.bxc3 Bg7 7.Bc4 O-O 8.Ne2 Nc6
9.Bg5 Qd7 10.Qd2 Na5 11.Bd3 c5 12.Rd1 e6 13.O-O b6 14.Bh6 Bb7 15.Bxg7 Kxg7
16.Qb2 Qe7 17.Rfe1 Rac8 18.Ng3 Rfd8 19.d5 exd5 20.exd5 Qf6 21.Ne4 Qe5 22.Nxc5 Qxd5
23.Nxb7 Nxb7 24.Qe2 Qg5 25.Ba6 Rxd1 26.Rxd1 Rc7 27.Bxb7 Rxb7 28.g3 Re7 29.Qf3 Qf6
30.Kg2 Qxf3+ 31.Kxf3 Rc7 32.Rc1 Rc4 33.Ke3 Kf6 34.Kd3 Ra4 35.Rc2 Kf5 36.f3 h5
37.h4 f6 38.Rb2 g5 39.hxg5 fxg5 40.Rb5+ Kg6 41.Rb2 g4 42.Ke3 gxf3 43.Kxf3 Ra3
44.Rc2 Kf5 45.Ke3 Kg4 46.Kf2 Kh3 47.Kf3 Ra5 48.Rd2 Rf5+ 49.Ke4 Rg5 50.Rd7 Kxg3
51.Rxa7 h4 52.Rd7 h3 53.Rd3+ Kg4  0-1

[Event "Thessaloniki ol (Men)"]
[Site "Thessaloniki"]
[Date "1988.??.??"]
[Round "10"]
[White "Fufuengmongkolkij, K."]
[Black "Ebeling, Mika"]
[Result "1-0"]
[WhiteElo "2205"]
[BlackElo "2310"]

1.d4 Nf6 2.c4 g6 3.Nc3 d5 4.cxd5 Nxd5 5.e4 Nxc3 6.bxc3 Bg7 7.Bc4 c5 8.Ne2 Nc6
9.Be3 O-O 10.O-O Qc7 11.Qc1 Rd8 12.Rd1 Na5 13.Bd3 c4 14.Bc2 b6 15.Qa3 Bf8
16.Qc1 Bg7 17.Ng3 Bb7 18.Bh6 Bh8 19.Qe3 Qc6 20.f3 Rac8 21.e5 Qd7 22.Bf5 e6
23.Be4 f5 24.Bxb7 Qxb7 25.Ne2 Nc6 26.Nf4 Re8 27.Nh3 Ne7 28.Nf4 Nd5 29.Nxd5 Qxd5
30.h4 Rc7 31.Kf2 Bg7 32.Rh1 Qd7 33.h5 Bxh6 34.Qxh6 Qg7 35.Qg5 h6 36.Qxg6 Qxg6
37.hxg6 Kg7 38.Rh3 Kxg6 39.Rg3+ Kf7 40.Rb1 Rd8 41.Ke3 Rcd7 42.Rh3 Kg6 43.Rg1 Rg7
44.g4 fxg4 45.Rxg4+ Kh7 46.Rxg7+ Kxg7 47.f4 b5 48.Ke4 a5 49.a3 b4 50.cxb4 axb4
51.axb4 Rb8 52.Rc3 Rxb4 53.f5 exf5+ 54.Kxf5 h5 55.d5 h4 56.d6 Kf8 57.e6 Rb6
58.Rxc4 Rxd6 59.Kf6 Kg8 60.Rg4+ Kf8 61.Rxh4 Kg8 62.Rg4+ Kf8 63.Ra4 Kg8 64.Ra8+ Kh7
65.Ke5 Rd1 66.e7 Re1+ 67.Kd6 Rd1+ 68.Kc5  1-0

[Event "CSR-ch"]
[Site "Trinec"]
[Date "1988.??.??"]
[Round "3"]
[White "Vokac, Marek"]
[Black "Stohl, Igor"]
[Result "1/2-1/2"]
[WhiteElo "2450"]
[BlackElo "2445"]

1.d4 Nf6 2.c4 g6 3.Nc3 d5 4.cxd5 Nxd5 5.e4 Nxc3 6.bxc3 Bg7 7.Qa4+ Nd7 8.Nf3 O-O
9.Be3 e5 10.d5 c6 11.dxc6 Qc7 12.Rb1 bxc6 13.Be2 Re8 14.Bc4 h6 15.O-O Bf8
16.Nh4 Kg7 17.Bxf7 Kxf7 18.Qc4+ Kg7 19.Bxh6+ Kxh6 20.Qg8 Bg7 21.Qxe8 Nf8
22.g4 Kh7 23.Nf5 Bb7 24.Qe7 Qxe7 25.Nxe7 Ba6 26.Rfd1 Ne6  1/2-1/2

[Event "CSR-ch"]
[Site "Trinec"]
[Date "1988.??.??"]
[Round "7"]
[White "Stohl, Igor"]
[Black "Gross, Stefan"]
[Result "1/2-1/2"]
[WhiteElo "2445"]
[BlackElo "2420"]

1.d4 Nf6 2.c4 g6 3.Nc3 d5 4.cxd5 Nxd5 5.e4 Nxc3 6.bxc3 Bg7 7.Bc4 O-O 8.Ne2 Nc6
9.O-O b6 10.Bg5 Bb7 11.Qd2 Qd6 12.Rad1 e6 13.Bd3 Na5 14.e5 Qc6 15.f3  1/2-1/2

[Event "Tirnavia"]
[Site "Trnava"]
[Date "1988.??.??"]
[Round "?"]
[White "Balashov, Yuri S"]
[Black "Ftacnik, Lubomir"]
[Result "1/2-1/2"]
[WhiteElo "2555"]
[BlackElo "2570"]

1.d4 Nf6 2.c4 g6 3.Nc3 d5 4.cxd5 Nxd5 5.e4 Nxc3 6.bxc3 Bg7 7.Bc4 c5 8.Ne2 Nc6
9.Be3 O-O 10.O-O Qc7 11.Rc1 Rd8 12.Bf4 Qd7 13.d5 Na5 14.Bd3 e5 15.Bg5 Re8
16.c4 b6 17.Qd2 Nb7 18.Bh6 f6 19.Bxg7 Qxg7 20.f4 Nd6 21.Kh1 Bd7 22.Ng1 Qh6
23.Rce1 f5 24.Qc3 fxe4 25.fxe5 exd3 26.exd6 Rxe1 27.Rxe1 d2 28.Rd1 Qf4 29.Rxd2  1/2-1/2

[Event "USA-ch"]
[Site "?"]
[Date "1988.??.??"]
[Round "?"]
[White "Wilder, Michael"]
[Black "Gulko, Boris F"]
[Result "0-1"]
[WhiteElo "2505"]
[BlackElo "2590"]

1.d4 Nf6 2.c4 g6 3.Nc3 d5 4.cxd5 Nxd5 5.e4 Nxc3 6.bxc3 Bg7 7.Bc4 O-O 8.Ne2 Nc6
9.O-O b6 10.Bd3 e5 11.d5 Na5 12.Rb1 c6 13.Ba3 c5 14.Bc1 f5 15.f4 fxe4 16.Bxe4 Qd6
17.h3 Bd7 18.Qd3 Rae8 19.c4 exf4 20.Bxf4 Qe7 21.Ng3 Qh4 22.Bd6 Bd4+ 23.Kh2 Rf2
24.Rxf2 Bxf2 25.Nh1 Qxe4 26.Qxe4 Rxe4 27.Nxf2 Re2 28.Kg3 Nxc4 29.Bf4 Kf7
30.Rc1 Ne5 31.Rc3 Kf6 32.a3 g5 33.Be3 Kf5 34.Ng4 Nxg4 35.hxg4+ Ke4 36.Bxg5 Kxd5
37.Rd3+ Kc6 38.Bf4 Be8 39.a4 c4 40.Rd8 Kc5 41.Bd6+ Kc6 42.Bf4 Bd7 43.Rh8 Re7
44.Bd2 c3 45.Bf4 Rf7  0-1

[Event "URS-ch otbor56"]
[Site "Uzhgorod"]
[Date "1988.??.??"]
[Round "?"]
[White "Guseinov, Aidyn"]
[Black "Vakhidov, Tahir"]
[Result "1-0"]
[WhiteElo "2325"]
[BlackElo "2290"]

1.d4 Nf6 2.c4 g6 3.Nc3 d5 4.cxd5 Nxd5 5.e4 Nxc3 6.bxc3 Bg7 7.Bc4 c5 8.Ne2 Nc6
9.Be3 O-O 10.O-O Na5 11.Bd3 b6 12.Rb1 cxd4 13.cxd4 Bb7 14.Qa4 Rc8 15.Rfd1 e6
16.e5 Bc6 17.Qb4 Re8 18.Ng3 Bd5 19.Ne4 Bf8 20.Qe1 Be7 21.Qe2 Bc4 22.h4 Bd5
23.h5 Kg7 24.Qg4 Bxe4 25.Bxe4 Nc4 26.Bf4 Na5 27.Rd3 Rc4 28.hxg6 hxg6 29.Bxg6 fxg6
30.Rg3 g5 31.Bxg5 Bxg5 32.Qh5 Rxd4 33.Rxg5+ Qxg5 34.Qxg5+ Kf7 35.Qf6+ Kg8
36.Rc1 Rd7 37.Qg6+ Kf8 38.Rc3 Rf7 39.Qh6+  1-0

[Event "Vilnius"]
[Site "Vilnius"]
[Date "1988.??.??"]
[Round "?"]
[White "Dokhoian, Yury"]
[Black "Epishin, Vladimir"]
[Result "1/2-1/2"]
[WhiteElo "2515"]
[BlackElo "2475"]

1.d4 Nf6 2.c4 g6 3.Nc3 d5 4.cxd5 Nxd5 5.e4 Nxc3 6.bxc3 Bg7 7.Bc4 O-O 8.Ne2 Qd7
9.O-O b6 10.Bg5 Bb7 11.Qd3 Nc6 12.Qg3 Na5 13.Bd3 c5 14.Rad1 cxd4 15.cxd4 Rac8
16.h4 Nc4 17.Bc1 e5 18.dxe5 Nxe5 19.Bc2 Qg4 20.Qxg4 Nxg4 21.Bb3 Ne5 22.Ba3 Rfe8
23.Ng3 Ba6 24.Rfe1 Bc4 25.Bxc4 Rxc4 26.Re2 h5 27.Bc1 Nd3 28.Bg5 Nc5 29.f3 Ne6
30.Nf1 Nxg5 31.hxg5 Rc5 32.Rd7 Rxg5 33.Rxa7 Bd4+ 34.Kh2 Rc8 35.Rd7 Be5+ 36.Kg1 Rc1
37.Kf2 h4 38.Rd5 Bf4 39.Rxg5 Bxg5 40.Ne3 Be7 41.Rc2  1/2-1/2

[Event "Warsaw (Women)"]
[Site "Warsaw"]
[Date "1988.??.??"]
[Round "?"]
[White "Szmacinska, Grazyna"]
[Black "Erenska Radzewska, Hanna"]
[Result "1/2-1/2"]
[WhiteElo "2250"]
[BlackElo "2275"]

1.d4 Nf6 2.c4 g6 3.Nc3 d5 4.cxd5 Nxd5 5.e4 Nxc3 6.bxc3 Bg7 7.Bc4 c5 8.Ne2 O-O
9.O-O Nc6 10.Be3 Bg4 11.f3 Na5 12.Bd3 cxd4 13.cxd4 Be6 14.Rc1 b6 15.Qd2 Rc8
16.d5 Bd7 17.f4 e6 18.d6 e5 19.f5 Rxc1 20.Nxc1 Bc6 21.Qf2 Qxd6 22.f6 Bh8
23.g4 Rd8 24.g5 h6 25.h4 Qe6 26.Qe2 Qh3 27.Bf2 hxg5 28.hxg5 Bd7 29.Qe3 Qe6
30.Qg3 Bc6 31.Be1 Nc4 32.Rf2 Nd6 33.Qh4 Bd7 34.Bc3 Rc8 35.Bb2 Ne8 36.Nb3 a5
37.Rh2 Bxf6 38.gxf6 Qxf6 39.Qxf6 Nxf6 40.Bxe5 Nh5 41.Rc2 Re8 42.Bc7 a4  1/2-1/2

[Event "Hoogovens-B"]
[Site "Wijk aan Zee"]
[Date "1988.??.??"]
[Round "?"]
[White "Ligterink, Gert"]
[Black "Krnic, Zdenko"]
[Result "1/2-1/2"]
[WhiteElo "2455"]
[BlackElo "2400"]

1.d4 Nf6 2.c4 g6 3.Nc3 d5 4.cxd5 Nxd5 5.e4 Nxc3 6.bxc3 Bg7 7.Bc4 O-O 8.Ne2 Nc6
9.O-O Qd7 10.e5 Na5 11.Bd3 b6 12.Nf4 Bb7 13.Re1 e6 14.Qg4 c5 15.Be3 cxd4
16.cxd4 Nc6 17.Rad1 Nb4 18.Bb1 Rac8 19.h4 Nd5 20.Nxd5 Bxd5 21.h5 Rc4 22.Bg5 Rfc8
23.Bf6 Qe8 24.Qf4 Qf8 25.Bxg7 Qxg7 26.h6 Qf8 27.Be4 Bxe4 28.Rxe4 Qe7 29.d5 exd5
30.Rxd5 Rxe4 31.Qxe4 Qg5 32.Rd1 Qxh6 33.e6 Rc1 34.exf7+ Kxf7 35.Qd5+ Kf6
36.Qd6+ Kf7 37.Qd7+ Kf6 38.Qd8+ Kf7 39.Qd5+ Kf6 40.Qd4+ Kf7  1/2-1/2